00546nam a2200193Ia 4500008004100000020001800041050001900059050001400078245002200092245006000114260001900174260003500193260000900228300001600237300001100253500005100264650002100315650001600336180523s9999 xx 000 0 und d a1-59139-633-6 aMAIN HD 69.T54 b.H37 2005 0aTime management : 0bincrease your personal productivity and effectiveness / aBoston, Mass : bHarvard Business School Press, c2005 a152 pages : c23 cm. aIncludes bibliographical references and index. aTime management. xScheduling.